000 01635nam a22004457a 4500
001 000095838
003 CHAP
005 20251201140657.0
008 060530d2006 mx r 00110 spa d
010 _a92304
011 _a93276
035 _a103848
040 _cCHAP
090 _aTesis
100 1 _aÁlvarez Medina, Adán
_94940
245 1 0 _aRelación entre pruebas de calidad fisiológica de semillas de jitomate (Lycopersicon esculentum Mill. ) con el establecimiento en almácigo /
_c/por Adán Alvarez Medina.
260 _aChapingo, Méx. :
_bEl autor,
_c2006.
300 _a48 h. :
_bgráfs.; cuadors.
502 _aTesis (Ing. Agr. Esp. en Fitotecnia) -- UACH. Departamento de Fitotecnia
590 _aALEPH
_b10
_c20130110
_lUCH01
_h1512
590 _aBATCH-UPD
_b10
_c20130110
_lUCH01
_h1621
590 _aBATCH-UPD
_b10
_c20130410
_lUCH01
_h1015
590 _aBATCH-UPD
_b10
_c20130914
_lUCH01
_h2018
590 _aBATCH-UPD
_b10
_c20140324
_lUCH01
_h1457
590 _aBATCH-UPD
_b10
_c20141002
_lUCH01
_h0830
590 _aBATCH
_b00
_c20181121
_lUCH01
_h0758
590 _aCONVERSION
_b10
_c20130109
_lUCH01
_h1351
590 _aE5765TAJ
_b10
_c20130610
_lUCH01
_h1248
650 1 4 _aSemillas
_xCalidad.
_9103881
650 1 4 _aTomate
_xAlmácigos.
_9113677
650 1 4 _aTomate
_xSemilla.
_9113765
856 _3Finding aid
_uhttp://10.13.5.2/tesis/103848.pdf
_zTeclea aquí
856 _a1
_n0000294
901 _aBK
905 _aElisama A. H.
942 _cCD
942 _n0
949 _aTesis
_bBC
_cTES
_d00000000103848
_eTS1
_h44886
_i103848
_sb
949 _aTesis
_bBC
_cTES
_d33724000962379
_eTS2
_fc.2
_h44887
_i103848
_si
999 _c92304
_d92304